Valladolid - Choix multiples - Statistiques

Statistiques générales
  • Ce quiz a été pris 8 fois
  • Le résultat moyen est 6 sur 10
Statistiques - réponses
Question Réponse % Correct
Dans quelle communauté autonome d'Espagne se situe Valladolid ? La Castille-et-León
100%
Contre le pouvoir de quel empereur la ville de Valladolid s'est-elle révoltée en 1520 et 1521 lors de la Guerre des Communautés de Castille ? Charles Quint
88%
Comment appelle-t-on le débat historique de 1550-51 tenu à Valladolid, qui conclut que les Amérindiens étaient des humains doués d'une âme et ne pouvaient être réduits en esclavage ? La controverse de Valladolid
88%
Quel homme d'Église et missionnaire dominicain espagnol soutenait l'interdiction de l'esclavage des Amérindiens lors de l'affaire précédente tenue à Valladolid ? Bartolomé de Las Casas
75%
Reconnaissez-vous le Palais royal de Valladolid parmi les édifices suivants, palais qui fut la résidence des rois de Castilles au XVe siècle et du roi d'Espagne entre 1601 et 1606 ?
63%
Quel auteur espagnol emménagea avec sa famille à Valladolid lorsqu'il avait 4 ans en 1551 et donne aujourd'hui son nom à l'une des deux universités de la ville ? Miguel de Cervantes
63%
Pour quel sport Valladolid possède-t-il l'un des plus grand centre d'Europe et a notamment servi de camp d'entraînement à la Serbe médaillée olympique Ivana Maksimovic ? Le tir
50%
Quel constructeur automobile français possède une usine à Valladolid ? Renault
50%
Quel surnom qui semble évoquer une page importante de l'histoire de France a été accordée à la ville de Valladolid (réponse traduite en français) ? La Pucelle
25%
Quelle reine de France naquit à Valladolid ? Anne d'Autriche
13%
Aucun quiz correspondant
Distribution des résultats
% des personnes avec chaque résultat
Percentile par nombre de réponses
Votre historique - résultats
Vous n’avez pas pris ce quiz